ՀՀ Գիտությունների ազգային ակադեմիայի հիմնարար գիտական գրադարան  =   Fundamental Scientific Library of NAS RA

Очерки истории Калужской организации КПСС / (Record no. 439946)

MARC details
000 -LEADER
fixed length control field 00776nam a22002057a 4500
003 - CONTROL NUMBER IDENTIFIER
control field AM-YeHGA
040 ## - CATALOGING SOURCE
Original cataloging agency AM-YeHGA
090 ## - LOCALLY ASSIGNED LC-TYPE CALL NUMBER (OCLC); LOCAL CALL NUMBER (RLIN)
-- 442713
005 - DATE AND TIME OF LATEST TRANSACTION
control field 20250617155822.0
008 - FIXED-LENGTH DATA ELEMENTS--GENERAL INFORMATION
fixed length control field 191024s1959 ru ||||| |||| 00| 0 rus d
041 0# - LANGUAGE CODE
Language code of text/sound track or separate title rus
100 1# - MAIN ENTRY--PERSONAL NAME
Personal name Спивак, Вениамин Михайлович
245 00 - TITLE STATEMENT
Title Очерки истории Калужской организации КПСС /
Statement of responsibility, etc. В. М. Спивак, П. А. Шуркин
260 ## - PUBLICATION, DISTRIBUTION, ETC.
Place of publication, distribution, etc. Калуга :
Name of publisher, distributor, etc. Кн. изд-во,
Date of publication, distribution, etc. 1959.
300 ## - PHYSICAL DESCRIPTION
Extent часть
505 10 - FORMATTED CONTENTS NOTE
Miscellaneous information Ч. 1 (1959, 246 с. ил.):
Title (90-е гг. XIX в. - 1918 г.)
650 14 - SUBJECT ADDED ENTRY--TOPICAL TERM
Topical term or geographic name entry element КПСС - История
General subdivision Калужская организация
700 1# - ADDED ENTRY--PERSONAL NAME
Personal name Шуркин, Павел Андреевич
942 ## - ADDED ENTRY ELEMENTS (KOHA)
Source of classification or shelving scheme Universal Decimal Classification
Koha item type Գրքեր / Books
Holdings
Withdrawn status Lost status Source of classification or shelving scheme Damaged status Not for loan Collection Home library Current library Date acquired Serial enumeration / chronology Total checkouts Full call number Barcode Date last seen Price effective from Koha item type Public note
    Universal Decimal Classification     General Fundamental Scientific Library Fundamental Scientific Library 24/10/2019 Ч. 1   PII/20885 FL0606400 24/10/2019 24/10/2019 Գրքեր / Books 30 Days Loan


ՀՀ ԳԱԱ հիմնարար գիտական գրադարան
ՀՀ,Երևան 0019
Մարշալ Բաղրամյան 24/6
հեռախոս:(374-10) 52-47-50
Հետադարձ կապ

All site content, except where otherwise noted, is licensed under a
Creative Commons License